00614nam a2200205 a 450000100060000000300080000600500170001400800410003103500190007204000290009104100080012008200250012810000180015324500800017125000120025126000470026330000290031065000370033970000320037650640BD-RjUL20211209075536.0160828s1969 enka 000 0 eng  a(BD-RjUL)50760 aDLCcMiYEMdBD-RjULbeng aeng 223a372.86bBIP 196910aBilbrough, A.10aPhysical education in the primary school /c[by] A. Bilbrough and P. Jones. a3rd ed. aLondon :bUniversity of London Pressc1969 a192 p. :bill. ;c22 cm. 0aPhysical education for children.1 aJones, Percy,ejoint author